Russian players in European Big Five (2000-) - Statistics

General Stats
  • This quiz has been taken 34 times
  • The average score is 11 of 37
Answer Stats
Ranking Player Positions Nationality Matches Goals (assists) Periods Clubs % Correct
2 Aleksandr Golovin MF, FW 181 31 (33) 2018-2025
96%
9 Andrey Arshavin MF, FW 105 23 (20) 2008-2013
93%
6 Denis Cheryshev MF, FW 163 12 (19) 2013-2022
86%
21 Yuri Zhirkov DF, MF 29 0 (4) 2009-2011
75%
13 Roman Pavlyuchenko FW 78 21 (7) 2008-2012
64%
10 Aleksei Miranchuk MF, FW 100 13 (17) 2020-2024
50%
31 Matvei Safonov GK 10 0 (0) 2024-2025
50%
3 Roman Neustädter DF, MF 181 8 (10) 2009-2016
50%
15 Diniyar Bilyaletdinov MF 59 8 (4) 2009-2012
43%
8 Pavel Pogrebnyak FW 109 26 (5) 2009-2013
43%
22 Aleksandr Kerzhakov FW 26 8 (2) 2006-2008
39%
29 Andrei Kanchelskis DF, MF 11 0 (1) 2000-2001, 2002-2003
32%
4 Valeri Karpin MF 171 28 (27) 2000-2005
32%
30 Aleksandr Kokorin MF, FW 10 0 (0) 2020-2022
29%
5 Alexey Smertin MF 167 4 (3) 2000-2008
29%
26 Fyodor Smolov MF, FW 14 2 (0) 2019-2020
29%
7 Aleksandr Mostovoi MF 111 31 (24) 2000-2004
25%
20 Arsen Zakharyan MF, FW 32 2 (2) 2023-2025
25%
1 Konstantin Rausch DF, MF 245 13 (20) 2007-2018
21%
17 Daler Kuzyaev MF 42 3 (2) 2023-2025
18%
25 Dmitri Bulykin FW 15 2 (0) 2007-2009
18%
23 Sergei Semak MF 26 1 (0) 2004-2006
18%
14 Viktor Onopko DF 63 4 (3) 2000-2001, 2002-2003
18%
35 Andrey Lunyov GK 2 0 (0) 2021-2023
14%
19 Dmitri Sychev MF, FW 33 5 (1) 2002-2004
14%
12 Ivan Saenko MF, FW 83 18 (10) 2005-2008
14%
37 Ruslan Nigmatullin GK 1 0 (0) 2001-2002
7%
18 Viktor Budyanskiy MF 39 3 (1) 2003-2004, 2006-2009
7%
34 Aleksandr Panov FW 7 1 (0) 2000-2001
4%
27 Igor Yanovsky DF 14 0 (0) 2000-2001
4%
36 Nikita Iosifov MF 1 0 (0) 2021-2022
4%
32 Ruslan Pimenov DF, FW 10 0 (0) 2004-2006
4%
16 Vladimir But MF 56 7 (8) 2000-2001, 2003-2005
4%
24 Dmitri Ananko DF 18 0 (1) 2002-2003
0%
11 Dmitri Khokhlov MF 90 11 (8) 2000-2003
0%
33 Igor Simutenkov FW 9 0 (0) 2001-2002
0%
28 Vladimir Beschastnykh MF, FW 14 1 (2) 2000-2001
0%
No matching quizzes found
Score Distribution
Percent of People with Each Score
Percentile by Number Answered
Your Score History
You have not taken this quiz